[Event "Cto de Aragon por Equipos D. Honor"]
[Site "?"]
[Date "2020.02.08"]
[Round "3.13"]
[White "Lopez Gracia, Fernando"]
[Black "Fuentes Espuna, Juan Antonio"]
[Result "1-0"]
[WhiteElo "2293"]
[BlackElo "1963"]
[PlyCount "51"]
[EventDate "2020.01.25"]
[WhiteTeam "IberCaja"]
[BlackTeam "L'Aurora"]

1. e4 c5 2. Nf3 Nc6 3. Bb5 g6 4. O-O Bg7 5. Re1 e5 6. Bxc6 dxc6 7. d3 Qc7 8.
Be3 b6 9. Nbd2 Ba6 10. a3 O-O-O 11. b4 c4 12. a4 cxd3 13. b5 cxb5 14. cxd3 Kb8
15. axb5 Bxb5 16. Qb3 Bxd3 17. Rec1 Qb7 18. Ne1 Be2 19. Nb1 Ne7 20. Nc3 Bd3 21.
Na4 Ba6 22. Rcb1 Rd6 23. Qa3 Qc7 24. Nxb6 axb6 25. Bxb6 Rxb6 26. Qxa6 1-0

[Event "Cto de Aragon por Equipos D. Honor"]
[Site "?"]
[Date "2020.02.08"]
[Round "3.14"]
[White "Pellicer Cemeli, Jose Luis"]
[Black "Garcia Vicente, Nieves"]
[Result "1/2-1/2"]
[WhiteElo "1953"]
[BlackElo "2175"]
[PlyCount "43"]
[EventDate "2020.01.25"]
[WhiteTeam "L'Aurora"]
[BlackTeam "IberCaja"]

1. b3 d5 2. Bb2 Nf6 3. e3 c5 4. Nf3 Nc6 5. d4 e6 6. Bd3 Bd6 7. O-O O-O 8. Nbd2
cxd4 9. exd4 b6 10. c3 Bb7 11. Re1 Qc7 12. Qe2 Rac8 13. Ne5 Qe7 14. Rac1 Ba3
15. Ndf3 Bxb2 16. Qxb2 Nd7 17. Ng4 Rfe8 18. Qd2 Nf8 19. Qf4 Rc7 20. Ne3 Rd8 21.
Qg3 Qd6 22. Qh3 1/2-1/2

[Event "Cto de Aragon por Equipos D. Honor"]
[Site "?"]
[Date "2020.02.08"]
[Round "3.15"]
[White "Villalba Embid, Marcos"]
[Black "Puertolas Serena, Arturo"]
[Result "1-0"]
[WhiteElo "2054"]
[BlackElo "1813"]
[PlyCount "61"]
[EventDate "2020.01.25"]
[WhiteTeam "IberCaja"]
[BlackTeam "L'Aurora"]

1. e4 c6 2. d4 d5 3. e5 c5 4. dxc5 Nc6 5. Nf3 Bg4 6. a3 e6 7. b4 Bxf3 8. Qxf3
Nxe5 9. Bb5+ Nc6 10. Bb2 Nf6 11. Nd2 Be7 12. O-O O-O 13. Bd3 e5 14. Qe2 e4 15.
Bb5 Nd7 16. c4 Nde5 17. Bxc6 Nxc6 18. cxd5 Qxd5 19. Nxe4 f5 20. Nc3 Qf7 21.
Rad1 Rad8 22. Nb5 Rfe8 23. Nc7 Rxd1 24. Rxd1 Rd8 25. Rxd8+ Bxd8 26. Qe8+ Qxe8
27. Nxe8 g6 28. Nd6 b6 29. b5 Na5 30. c6 Bc7 31. Ne8 1-0

[Event "Cto de Aragon por Equipos D. Honor"]
[Site "?"]
[Date "2020.02.08"]
[Round "3.16"]
[White "Rodriguez Avellanas, Jose Manuel"]
[Black "Torcal Miguel, Oscar"]
[Result "0-1"]
[WhiteElo "1702"]
[BlackElo "2046"]
[PlyCount "64"]
[EventDate "2020.01.25"]
[WhiteTeam "L'Aurora"]
[BlackTeam "IberCaja"]

1. c4 e5 2. Nc3 Nf6 3. g3 c6 4. Bg2 d5 5. cxd5 cxd5 6. d3 h6 7. e3 Nc6 8. Nge2
d4 9. exd4 exd4 10. Nb1 Bb4+ 11. Nd2 O-O 12. O-O Bxd2 13. Qxd2 a5 14. b3 Qb6
15. Ba3 Nb4 16. Nf4 g5 17. Bxb4 axb4 18. Nd5 Nxd5 19. Bxd5 Qb5 20. Be4 f5 21.
Bg2 f4 22. Rfc1 f3 23. Bf1 Be6 24. h4 Rac8 25. Re1 Bd7 26. Re4 Qc5 27. hxg5
hxg5 28. Rae1 Rfe8 29. Rc1 Qxc1 30. Rxe8+ Bxe8 31. Qxb4 Bg6 32. Qxd4 Qxf1+ 0-1

[Event "Cto de Aragon por Equipos D. Honor"]
[Site "?"]
[Date "2020.02.08"]
[Round "3.17"]
[White "Del Rey, Diego"]
[Black "Cifuentes Parada, Roberto"]
[Result "1/2-1/2"]
[WhiteElo "2381"]
[BlackElo "2428"]
[PlyCount "103"]
[EventDate "2020.01.25"]
[WhiteTeam "El Olivar"]
[BlackTeam "Jaque"]

1. e4 c5 2. c3 g6 3. d4 cxd4 4. cxd4 d5 5. e5 Bg7 6. Nf3 Nh6 7. Bb5+ Nc6 8. O-O
O-O 9. Nbd2 Qb6 10. Bxc6 Qxc6 11. b3 Bf5 12. Ba3 Qd7 13. Qe2 Rfc8 14. Rac1 f6
15. h3 Nf7 16. exf6 exf6 17. Rxc8+ Rxc8 18. Re1 Nd6 19. Qe7 Nb5 20. Qxd7 Bxd7
21. Bb4 Re8 22. Rxe8+ Bxe8 23. a4 Nc7 24. Bd6 Na6 25. Ne1 Kf7 26. Nd3 Ke6 27.
Ba3 Bh6 28. Nb1 b6 29. Kf1 Nb8 30. Nc3 Nc6 31. Nb5 Bf7 32. Nb4 Nxb4 33. Bxb4 a5
34. Bd6 Kd7 35. f4 Be6 36. g4 Kc6 37. Kf2 Bc8 38. Na7+ Kxd6 39. Nxc8+ Kd7 40.
Nxb6+ Kc6 41. Nc8 Bxf4 42. Ke2 Kd7 43. Nb6+ Ke6 44. Nc8 Bd6 45. Na7 Kd7 46. Nb5
Bb8 47. Kf3 f5 48. gxf5 gxf5 49. Ke3 Bd6 50. Kf3 Bb8 51. Ke3 Bd6 52. Kf3
1/2-1/2

[Event "Cto de Aragon por Equipos D. Honor"]
[Site "?"]
[Date "2020.02.08"]
[Round "3.18"]
[White "Escartin Lacasa, Jose"]
[Black "Ramo Frontinan, Cristobal"]
[Result "0-1"]
[WhiteElo "2125"]
[BlackElo "2318"]
[PlyCount "160"]
[EventDate "2020.01.25"]
[WhiteTeam "Jaque"]
[BlackTeam "El Olivar"]

1. Nf3 d6 2. d4 g6 3. c4 Bg7 4. Nc3 Nd7 5. e4 e5 6. Be2 Ngf6 7. O-O O-O 8. Be3
exd4 9. Nxd4 Re8 10. Qc2 Nc5 11. f3 a5 12. Rfd1 Qe7 13. a3 c6 14. b4 axb4 15.
axb4 Rxa1 16. Rxa1 Ne6 17. Rd1 Nh5 18. Qd2 Be5 19. Nxe6 Bxe6 20. f4 Bxc3 21.
Qxc3 Nf6 22. Bf3 Bg4 23. e5 dxe5 24. fxe5 Ne4 25. Qd4 Bxf3 26. gxf3 Ng5 27. Qg4
Ne6 28. b5 Ng7 29. Qe4 Nf5 30. bxc6 bxc6 31. f4 Qe6 32. Bf2 Ra8 33. Qd3 Ra4 34.
Bc5 Ra8 35. Qd8+ Qe8 36. Qxe8+ Rxe8 37. Rd7 h5 38. Rc7 Re6 39. Kf2 f6 40. exf6
(40. Kf3 fxe5 41. fxe5) 40... Rxf6 41. Kf3 Re6 42. Kf2 Re4 43. Rxc6 Rxf4+ 44.
Ke2 Rxc4 45. Kd3 Rg4 46. h3 Rg3+ 47. Ke4 Kf7 48. Rc7+ Kf6 49. Rc6+ Kg5 50. h4+
Nxh4 51. Be3+ Kg4 52. Rf6 g5 53. Rf8 Ng2 54. Bd2 h4 55. Rf5 Kh5 56. Rf8 h3 57.
Rh8+ Kg6 58. Bc1 Rg4+ 59. Kf3 Rh4 60. Rxh4 Nxh4+ 61. Kg3 g4 62. Bf4 Kh5 63. Bc7
Nf5+ 64. Kh2 Kg5 65. Be5 Kg6 66. Bc7 Kf7 67. Kg1 Ke6 68. Kh2 Kd5 69. Kg1 Nd6
70. Kh2 Ne4 71. Kg1 Kc4 72. Kh2 Kd3 73. Bb8 Ke2 74. Bc7 Kf3 75. Be5 Nd2 76. Bc7
Nf1+ 77. Kg1 g3 78. Kh1 Ne3 79. Kg1 Ng4 80. Kh1 Nf2+ 0-1

[Event "Cto de Aragon por Equipos D. Honor"]
[Site "?"]
[Date "2020.02.08"]
[Round "3.19"]
[White "Villuendas Valero, Adrian"]
[Black "Buisac Anadon, Pablo"]
[Result "1-0"]
[WhiteElo "2265"]
[BlackElo "2020"]
[PlyCount "71"]
[EventDate "2020.01.25"]
[WhiteTeam "El Olivar"]
[BlackTeam "Jaque"]

1. d4 d5 2. Bf4 Nf6 3. e3 e6 4. Nf3 Bd6 5. Nbd2 Bxf4 6. exf4 Qd6 7. g3 c5 8.
dxc5 Qxc5 9. Bd3 O-O 10. O-O b6 11. Qe2 Nc6 12. c3 Bb7 13. Nb3 Qd6 14. Rad1 Nd7
15. Rfe1 Nc5 16. Nbd4 Nxd3 17. Qxd3 Rae8 18. Nxc6 Bxc6 19. Re3 b5 20. Ng5 g6
21. Qd4 Qc7 22. h4 Bd7 23. h5 f6 24. Nf3 Rf7 25. Kg2 Ref8 26. Rd2 a6 27. hxg6
hxg6 28. Qd3 Kg7 29. Nh4 f5 30. Qd4+ Rf6 31. Nf3 Qc4 32. Qa7 Qc8 33. Ne5 Rd8
34. Re1 Rff8 35. Rh1 Rfe8 36. Qd4 1-0

[Event "Cto de Aragon por Equipos D. Honor"]
[Site "?"]
[Date "2020.02.08"]
[Round "3.20"]
[White "Roque Sola, Andrea"]
[Black "Hernando Garcia, Antonio"]
[Result "0-1"]
[WhiteElo "1903"]
[BlackElo "2120"]
[PlyCount "52"]
[EventDate "2020.01.25"]
[WhiteTeam "Jaque"]
[BlackTeam "El Olivar"]

1. c4 Nf6 2. g3 e6 3. Bg2 d5 4. d4 c6 5. Nf3 Nbd7 6. b3 b6 7. O-O Bb7 8. Bb2
Qc7 9. Nbd2 Rc8 10. Rc1 Qb8 11. Qc2 Be7 12. Rfd1 O-O 13. Qb1 Rfd8 14. e3 Bf8
15. e4 Nxe4 16. Nxe4 dxe4 17. Ng5 Be7 18. Nxe4 Nf6 19. Nxf6+ Bxf6 20. Qe4 Rd7
21. Ba1 c5 22. Qg4 cxd4 23. Bxb7 Qxb7 24. Bxd4 h5 25. Qf4 Rcd8 26. c5 bxc5 0-1

[Event "Cto de Aragon por Equipos D. Honor"]
[Site "?"]
[Date "2020.02.08"]
[Round "3.21"]
[White "Sanchez Herrera, Miguel"]
[Black "Garcia Fernandez, Javier"]
[Result "1/2-1/2"]
[WhiteElo "2074"]
[BlackElo "2171"]
[PlyCount "99"]
[EventDate "2020.01.25"]
[WhiteTeam "Agrupacion B"]
[BlackTeam "Teruel"]

1. Nf3 Nf6 2. d4 d5 3. e3 c5 4. c3 Nbd7 5. Bd3 g6 6. O-O Bg7 7. Nbd2 O-O 8. e4
dxe4 9. Nxe4 cxd4 10. Nxd4 Nxe4 11. Bxe4 Nc5 12. Bc2 Qb6 13. Qe2 Ne6 14. Nb3 a5
15. Be3 Qc7 16. a4 b6 17. Qf3 Rb8 18. Be4 Nc5 19. Nd4 Nxe4 20. Qxe4 Bb7 21. Qh4
e5 22. Nb5 Qc6 23. f3 Ba6 24. c4 f5 25. b3 f4 26. Bd2 Bxb5 27. axb5 Qc5+ 28.
Kh1 Rbd8 29. Rad1 Rd3 30. Bc1 Bf6 31. Qh3 Rfd8 32. Rxd3 Rxd3 33. Qe6+ Kg7 34.
g3 Qd4 35. Ba3 Rd1 36. Bf8+ Kxf8 37. Qxf6+ Kg8 38. Qe6+ Kg7 39. Rxd1 Qxd1+ 40.
Kg2 Qe2+ 41. Kh3 fxg3 42. hxg3 Qe3 43. f4 e4 44. Qe7+ Kg8 45. c5 Qf3 46. Qe8+
Kg7 47. Qe5+ Kh6 48. Qg5+ Kg7 49. Qe7+ Kh6 50. Qh4+ 1/2-1/2

[Event "Cto de Aragon por Equipos D. Honor"]
[Site "?"]
[Date "2020.02.08"]
[Round "3.22"]
[White "Martin Catalan, Juan Vicente"]
[Black "Montes Santos, Lorenzo"]
[Result "1/2-1/2"]
[WhiteElo "1977"]
[BlackElo "2064"]
[PlyCount "156"]
[EventDate "2020.01.25"]
[WhiteTeam "Teruel"]
[BlackTeam "Agrupacion B"]

1. d4 Nf6 2. Bf4 g6 3. e3 Bg7 4. Be2 O-O 5. Nf3 c5 6. c3 b6 7. O-O Bb7 8. h3 d6
9. Nbd2 Nbd7 10. a4 a6 11. Bh2 Qc7 12. Qb3 Rfb8 13. Ng5 Bd5 14. Bc4 Bxc4 15.
Qxc4 Rf8 16. e4 h6 17. Ngf3 e5 18. dxe5 dxe5 19. Rfd1 Nh5 20. b4 Nf4 21. Kf1
Rfc8 22. b5 a5 23. Kg1 Nf6 24. Nf1 Ne8 25. Qa2 c4 26. Ne3 Qc5 27. Rd2 Nf6 28.
Qc2 Nd3 29. Nxc4 Nxf2 30. Rxf2 Qxc4 31. Nxe5 Qxe4 32. Nc6 Re8 33. Rc1 h5 34.
Qxe4 Nxe4 35. Rfc2 Nc5 36. Ra2 Re3 37. Bc7 Re4 38. Bxb6 Nxa4 39. Bxa5 Nc5 40.
Rac2 Nb3 41. Rb2 Nxc1 42. b6 Ree8 43. b7 Rxa5 44. b8=Q Ne2+ 45. Kf2 Rxb8 46.
Rxb8+ Kh7 47. Nxa5 Nxc3 48. Nc6 Bf6 49. Rb7 Kg7 50. Nb4 g5 51. Rd7 Ne4+ 52. Kf3
Nc5 53. Ra7 Ne6 54. Nd5 Be5 55. Ke4 Bb2 56. Kf5 Bc1 57. Ra8 Nd4+ 58. Ke4 Ne6
59. Rc8 Ba3 60. Kf5 Bd6 61. Ra8 Bg3 62. Ra6 Bh4 63. Rxe6 fxe6+ 64. Kxe6 g4 65.
hxg4 hxg4 66. Kf5 g3 67. Ne3 Bd8 68. Kg4 Kg6 69. Nd5 Ba5 70. Kxg3 Kg5 71. Kf3
Bd8 72. g4 Ba5 73. Nf4 Bd2 74. Ne6+ Kf6 75. Nc5 Bc1 76. Nd3 Bd2 77. Nf2 Bc1 78.
Nh3 Ke5 1/2-1/2

[Event "Cto de Aragon por Equipos D. Honor"]
[Site "?"]
[Date "2020.02.08"]
[Round "3.23"]
[White "Garcia Morales, Roberto"]
[Black "Arpa Pardos, Emilio"]
[Result "0-1"]
[WhiteElo "2039"]
[BlackElo "1907"]
[PlyCount "82"]
[EventDate "2020.01.25"]
[WhiteTeam "Agrupacion B"]
[BlackTeam "Teruel"]

1. e4 e5 2. Nc3 d6 3. Bc4 Nc6 4. d3 Nf6 5. f4 Bg4 6. Nf3 Nd4 7. Be3 Bxf3 8.
gxf3 Nh5 9. f5 Qh4+ 10. Kd2 Be7 11. Nd5 Bg5 12. c3 Qf2+ 13. Kc1 Bxe3+ 14. Kb1
Nxf3 15. a3 b5 16. Bxb5+ Kf8 17. Ka2 c6 18. Rf1 Qd2 19. Bxc6 Rb8 20. Qxd2 Nxd2
21. Nxe3 Nxf1 22. Rxf1 Nf4 23. Rd1 Ke7 24. Bd5 Rb6 25. b4 a5 26. Nc4 Nxd5 27.
exd5 Rb5 28. Nxa5 Rxd5 29. c4 Rxa5 30. bxa5 g6 31. Kb3 gxf5 32. Ka4 Kd7 33. Rb1
Kc7 34. a6 Rb8 35. Rg1 Kb6 36. Rg7 Rf8 37. Rxh7 f4 38. Rh3 Kxa6 39. Rf3 f5 40.
d4 e4 41. Rxf4 e3 0-1

[Event "Cto de Aragon por Equipos D. Honor"]
[Site "?"]
[Date "2020.02.08"]
[Round "3.25"]
[White "Sacristan Latorre, Alberto"]
[Black "Antonano Fedz-Quincoces, Avelino"]
[Result "1-0"]
[WhiteElo "2109"]
[BlackElo "2041"]
[PlyCount "74"]
[EventDate "2020.01.25"]
[WhiteTeam "Palacio De Pioneros B"]
[BlackTeam "St. Casablanca B"]

1. Nf3 c5 2. e4 g6 3. Bc4 Nc6 4. c3 e6 5. O-O Bg7 6. d4 cxd4 7. Nxd4 Nf6 8. Re1
O-O 9. Bg5 Qa5 10. Bh4 Nxe4 11. Rxe4 d5 12. Nb3 Qb6 13. Bxd5 exd5 14. Qxd5 Be6
15. Qd2 Bxb3 16. axb3 Qxb3 17. Qe2 f5 18. Qc4+ Qxc4 19. Rxc4 Rfe8 20. Kf1 Re6
21. Nd2 Rae8 22. f4 Bf8 23. Re1 Rxe1+ 24. Bxe1 Re6 25. Ra4 a5 26. Nf3 b5 27.
Ra1 Re4 28. g3 h6 29. Rd1 Kf7 30. Rd5 b4 31. Nd2 bxc3 32. Nxe4 cxb2 33. Nc3 a4
34. Rd1 a3 35. Na2 Nd4 36. Rb1 Ke6 37. Bc3 Nf3 {Ilegible} 1-0

[Event "Cto de Aragon por Equipos D. Honor"]
[Site "?"]
[Date "2020.02.08"]
[Round "3.26"]
[White "Ayensa Garcia, Miguel Angel"]
[Black "Colom Sienes, Eduardo"]
[Result "0-1"]
[WhiteElo "1970"]
[BlackElo "2074"]
[PlyCount "66"]
[EventDate "2020.01.25"]
[WhiteTeam "St. Casablanca B"]
[BlackTeam "Palacio De Pioneros B"]

1. c4 e5 2. Nc3 d6 3. g3 g6 4. Bg2 Bg7 5. e3 Nc6 6. Nge2 Nge7 7. O-O O-O 8. d4
exd4 9. Nxd4 Nxd4 10. exd4 Nf5 11. Be3 Re8 12. Qd3 c6 13. Rad1 Nxe3 14. fxe3
Bg4 15. Bf3 Bxf3 16. Rxf3 Re7 17. Rdf1 Qb6 18. Ne4 Rae8 19. c5 dxc5 20. Nxc5
Qd8 21. Qb3 Qd5 22. Qxd5 cxd5 23. Kf2 Rxe3 24. Rxe3 Bxd4 25. Nxb7 Rxe3 26. Rd1
Rd3+ 27. Ke2 Rxd1 28. Kxd1 Bxb2 29. Kc2 Bd4 30. Kd3 Bb6 31. a4 a5 32. h3 f5 33.
Nd6 Kg7 0-1

[Event "Cto de Aragon por Equipos D. Honor"]
[Site "?"]
[Date "2020.02.08"]
[Round "3.27"]
[White "Gomez Salinas, Nestor"]
[Black "Sanjulian Arruga, Pablo"]
[Result "0-1"]
[WhiteElo "2029"]
[BlackElo "1961"]
[PlyCount "44"]
[EventDate "2020.01.25"]
[WhiteTeam "Palacio De Pioneros B"]
[BlackTeam "St. Casablanca B"]

1. e4 e5 2. Nf3 Nc6 3. d4 exd4 4. Bc4 Nf6 5. O-O Nxe4 6. Re1 d5 7. Bxd5 Qxd5 8.
Nc3 Qh5 9. Nxe4 Be6 10. Neg5 O-O-O 11. Nxe6 fxe6 12. Rxe6 Bd6 13. Bd2 Rhf8 14.
h3 Qf5 15. Qe1 Kd7 16. Ng5 h6 17. g4 Qd5 18. Rg6 hxg5 19. Rxg7+ Rf7 20. Rxf7+
Qxf7 21. Bxg5 Rh8 22. Kg2 Qd5+ 0-1

[Event "Cto de Aragon por Equipos D. Honor"]
[Site "?"]
[Date "2020.02.08"]
[Round "3.28"]
[White "Alvarez Gonzalo, Miguel Angel"]
[Black "Caballero Ortin, Jorge"]
[Result "1-0"]
[WhiteElo "1788"]
[BlackElo "1624"]
[PlyCount "128"]
[EventDate "2020.01.25"]
[WhiteTeam "St. Casablanca B"]
[BlackTeam "Palacio De Pioneros B"]

1. c4 c6 2. g3 g6 3. Nc3 Bg7 4. Bg2 e5 5. e3 Ne7 6. Nge2 O-O 7. O-O d5 8. cxd5
cxd5 9. d4 exd4 10. Nxd4 Nbc6 11. Nce2 Nxd4 12. Nxd4 Nc6 13. Nxc6 bxc6 14. Qc2
Qb6 15. Rb1 Be6 16. b3 Rac8 17. Ba3 Rfd8 18. Bc5 Qc7 19. Rbc1 Bf8 20. b4 Bxc5
21. Qxc5 Qb6 22. a3 Qxc5 23. Rxc5 Rd7 24. Rfc1 Rdc7 25. b5 Kf8 26. bxc6 Ke7 27.
Bxd5 Bxd5 28. Rxd5 Rxc6 29. Rxc6 Rxc6 30. Ra5 a6 31. Kg2 Kd7 32. Ra4 Kc7 33.
Kf3 Kb6 34. Ke4 Rc2 35. Kf3 a5 36. Rf4 f5 37. g4 fxg4+ 38. Kxg4 Kb5 39. a4+ Kb6
40. Kg5 Rc5+ 41. Kf6 Rh5 42. h4 Kc6 43. f3 Kd6 44. Kg7 Ke6 45. Re4+ Kd7 46. Rg4
Ke6 47. Rg5 Rxh4 48. Rxa5 Rh3 49. Ra6+ Kd5 50. Rf6 Kc5 51. a5 Rh1 52. a6 Kd5
53. a7 Ra1 54. Kxh7 Rxa7+ 55. Kxg6 Re7 56. e4+ Kd4 57. Rf5 Ke3 58. e5 Kd4 59.
f4 Ke4 60. Rf6 Kd5 61. e6 Ra7 62. Rf7 Ra8 63. f5 Ke5 64. e7 Kd6 1-0

[Event "Cto de Aragon por Equipos D. Honor"]
[Site "?"]
[Date "2020.02.08"]
[Round "3.29"]
[White "Abril Avellanas, Eduardo"]
[Black "Gavin Roche, Enrique"]
[Result "0-1"]
[WhiteElo "2175"]
[BlackElo "2228"]
[PlyCount "44"]
[EventDate "2020.01.25"]
[WhiteTeam "Atletismo Huesca"]
[BlackTeam "ONCE C. A. Aragon"]

1. d4 d5 2. c4 e6 3. Nc3 Nf6 4. Nf3 Be7 5. Bf4 O-O 6. e3 c5 7. dxc5 Bxc5 8. Qc2
Nc6 9. a3 a6 10. O-O-O Qa5 11. g4 dxc4 12. g5 Nd5 13. Rxd5 exd5 14. Nxd5 Bxa3
15. Bxc4 Nb4 16. Nf6+ gxf6 17. gxf6 Nxc2 18. Rg1+ Kh8 19. Bh6 Bxb2+ 20. Kxb2
Qa3+ 21. Kb1 Qa1+ 22. Kxc2 Bf5+ 0-1

[Event "Cto de Aragon por Equipos D. Honor"]
[Site "?"]
[Date "2020.02.08"]
[Round "3.30"]
[White "Laliena Solanes, Luis"]
[Black "Luis Vitalla, Fernando"]
[Result "1-0"]
[WhiteElo "2185"]
[BlackElo "2115"]
[PlyCount "91"]
[EventDate "2020.01.25"]
[WhiteTeam "ONCE C. A. Aragon"]
[BlackTeam "Atletismo Huesca"]

1. e4 e5 2. Nf3 Nc6 3. Nc3 Nf6 4. Bb5 Bb4 5. O-O O-O 6. d3 Bxc3 7. bxc3 d6 8.
Bg5 h6 9. Bd2 Bd7 10. Re1 a6 11. Bc4 Na5 12. Bb3 Nxb3 13. cxb3 Bc6 14. Qc1 Kh7
15. Qc2 Re8 16. d4 Kg8 17. dxe5 dxe5 18. Rad1 Nd7 19. c4 Qe7 20. Bc3 a5 21. Qb2
f6 22. Nh4 Nc5 23. Nf5 Qf7 24. f3 b6 25. Qe2 Rad8 26. Rd2 Rxd2 27. Bxd2 Kh7 28.
Be3 Ne6 29. Rd1 Nf4 30. Bxf4 exf4 31. Qd2 g5 32. Nd4 Rd8 33. Qc2 Be8 34. Nf5
Rxd1+ 35. Qxd1 Qd7 36. Qd5 c6 37. Qd6 Qxd6 38. Nxd6 Bd7 39. c5 b5 40. a4 Kg7
41. Nb7 bxa4 42. bxa4 f5 43. exf5 Bxf5 44. Nxa5 Bc2 45. Nxc6 Bxa4 46. Na7 1-0

[Event "Cto de Aragon por Equipos D. Honor"]
[Site "?"]
[Date "2020.02.08"]
[Round "3.31"]
[White "Salamero Pelay, Fernando"]
[Black "Cobo Garrido, Diego Israel"]
[Result "1/2-1/2"]
[WhiteElo "2075"]
[BlackElo "2068"]
[PlyCount "78"]
[EventDate "2020.01.25"]
[WhiteTeam "Atletismo Huesca"]
[BlackTeam "ONCE C. A. Aragon"]

1. e4 c5 2. Nf3 e6 3. d4 cxd4 4. Nxd4 Nc6 5. Nc3 Qc7 6. g3 Nf6 7. Bg2 a6 8. O-O
Nxd4 9. Qxd4 Bc5 10. Qd1 d6 11. Bg5 Nd7 12. Qe2 Ne5 13. a4 Bd7 14. Kh1 Bc6 15.
f4 h6 16. Bh4 Ng6 17. Nd5 Bxd5 18. exd5 Nxh4 19. gxh4 e5 20. b4 Bd4 21. Ra3 O-O
22. f5 f6 23. Rg3 Rac8 24. Qh5 Kh8 25. Rd1 Qf7 26. Qe2 Qd7 27. Be4 Qxa4 28. Qh5
Qe8 29. Rg6 Qf7 30. Rd2 Rc7 31. Rxh6+ gxh6 32. Qxh6+ Kg8 33. Rg2+ Qg7 34. h5
Qxg2+ 35. Kxg2 Rg7+ 36. Kf3 Rh7 37. Qg6+ Rg7 38. Qh6 Rh7 39. Qg6+ Rg7 1/2-1/2

[Event "Cto de Aragon por Equipos D. Honor"]
[Site "?"]
[Date "2020.02.08"]
[Round "3.32"]
[White "Fuertes Garay, Javier"]
[Black "Gella Lopez, Angel"]
[Result "1/2-1/2"]
[WhiteElo "1987"]
[BlackElo "2083"]
[PlyCount "68"]
[EventDate "2020.01.25"]
[WhiteTeam "ONCE C. A. Aragon"]
[BlackTeam "Atletismo Huesca"]

1. e4 c5 2. Nf3 e6 3. d4 cxd4 4. Nxd4 Nc6 5. c4 Nf6 6. Nc3 Bb4 7. Nxc6 bxc6 8.
Bd3 e5 9. O-O Bc5 10. Bg5 h6 11. Bh4 g5 12. Bg3 d6 13. Qd2 Nh5 14. Kh1 Rb8 15.
Rab1 Qf6 16. a3 Nf4 17. b4 Bd4 18. Ne2 Nxe2 19. Qxe2 h5 20. f3 h4 21. Bf2 c5
22. bxc5 Rxb1 23. Rxb1 dxc5 24. Rb8 O-O 25. Be3 Ba6 26. Rxf8+ Kxf8 27. Qd2 Bxe3
28. Qxe3 Qe7 29. h3 f6 30. Qe1 Qd8 31. Qb1 Qb6 32. Qd1 Qb2 33. Bf1 Qd4 34. Qa4
Qd6 1/2-1/2

[Event "Cto de Aragon por Equipos Preferente"]
[Site "?"]
[Date "2020.02.08"]
[Round "3.33"]
[White "Hinojar Basa, Alfonso"]
[Black "Malo Guillen, Jose Luis"]
[Result "1/2-1/2"]
[WhiteElo "2170"]
[BlackElo "2099"]
[PlyCount "41"]
[EventDate "2020.??.??"]
[WhiteTeam "Marcos Frechin A"]
[BlackTeam "Las Fuentes A"]

1. e4 e5 2. Nf3 Nc6 3. Bc4 Bc5 4. O-O Nf6 5. d3 O-O 6. h3 d6 7. c3 a5 8. Re1 h6
9. Nbd2 Re8 10. a4 Be6 11. Bb5 Bd7 12. Nc4 Ne7 13. Bxd7 Nxd7 14. Ne3 c6 15. d4
exd4 16. cxd4 Bb4 17. Bd2 Bxd2 18. Qxd2 Nf6 19. Ng4 Ng6 20. Nxf6+ Qxf6 21. Ra3
1/2-1/2

[Event "Cto de Aragon por Equipos Preferente"]
[Site "?"]
[Date "2020.02.08"]
[Round "3.34"]
[White "Alonso Blasco, Jose Miguel"]
[Black "Jario Garcia, Ricardo"]
[Result "1/2-1/2"]
[WhiteElo "1955"]
[BlackElo "2078"]
[PlyCount "40"]
[EventDate "2020.??.??"]
[WhiteTeam "Las Fuentes A"]
[BlackTeam "Marcos Frechin A"]

1. e4 e5 2. Nf3 Nc6 3. Bb5 a6 4. Bxc6 dxc6 5. O-O Bg4 6. h3 h5 7. d3 Qf6 8.
Nbd2 Ne7 9. Re1 Ng6 10. d4 Bd6 11. hxg4 hxg4 12. Nh2 Rxh2 13. Qxg4 Qh4 14. Qxh4
Rxh4 15. Nf3 Rh5 16. c3 Ke7 17. g3 f6 18. Kg2 c5 19. dxe5 Bxe5 20. Be3 b6
1/2-1/2

[Event "Cto de Aragon por Equipos Preferente"]
[Site "?"]
[Date "2020.02.08"]
[Round "3.35"]
[White "Ciriano Lamban, Alejandro"]
[Black "Querol Soro, Sergio"]
[Result "1-0"]
[WhiteElo "2043"]
[BlackElo "1870"]
[PlyCount "49"]
[EventDate "2020.??.??"]
[WhiteTeam "Marcos Frechin A"]
[BlackTeam "Las Fuentes A"]

1. e4 g6 2. d4 Bg7 3. Nc3 b6 4. Be3 Bb7 5. Qd2 d6 6. O-O-O Nd7 7. Be2 a6 8. f4
c5 9. Bf3 c4 10. e5 Bxf3 11. Nxf3 Nh6 12. Ng5 e6 13. Nce4 Nf5 14. g4 Nxe3 15.
Nxd6+ Ke7 16. Ngxf7 Qc7 17. Qxe3 Rhf8 18. f5 Rxf7 19. Nxf7 h6 20. fxe6 Nf8 21.
d5 Qc5 22. Qxc5+ bxc5 23. Rhe1 Rb8 24. c3 h5 25. g5 1-0

[Event "Cto de Aragon por Equipos Preferente"]
[Site "?"]
[Date "2020.02.08"]
[Round "3.36"]
[White "Hernandez Calvera, Hernan Angel"]
[Black "Ruiperez Gumiel, Ramon"]
[Result "1-0"]
[WhiteElo "1620"]
[BlackElo "1889"]
[PlyCount "73"]
[EventDate "2020.??.??"]
[WhiteTeam "Las Fuentes A"]
[BlackTeam "Marcos Frechin A"]

1. Nf3 g6 2. d4 Bg7 3. e3 f6 4. Bc4 d5 5. Bb3 Nh6 6. O-O Nf7 7. c4 e6 8. Nc3 c6
9. Qe2 f5 10. Bd2 Nd7 11. cxd5 exd5 12. a4 Nf6 13. Bc2 O-O 14. a5 Ne4 15. Bxe4
fxe4 16. Ne1 Qh4 17. f3 Ng5 18. f4 Ne6 19. Nc2 Bd7 20. b4 g5 21. Be1 Qh6 22. f5
Nf4 23. exf4 gxf4 24. g4 fxg3 25. Bxg3 Bxf5 26. Rad1 Qg6 27. Ne3 Bh3 28. Rxf8+
Rxf8 29. Ng2 Rf3 30. Qe1 Qf5 31. Ne2 Bh6 32. Kh1 Bd2 33. Qxd2 Rf1+ 34. Rxf1
Qxf1+ 35. Ng1 h6 36. Qf2 Qb1 37. Be5 1-0

[Event "Cto de Aragon por Equipos Preferente"]
[Site "?"]
[Date "2020.02.08"]
[Round "3.37"]
[White "Vallverdu Miret, Oscar"]
[Black "Buisan Zaharia, Pedro"]
[Result "1/2-1/2"]
[WhiteElo "2098"]
[BlackElo "1904"]
[PlyCount "68"]
[EventDate "2020.??.??"]
[WhiteTeam "Fraga"]
[BlackTeam "Jaque B"]

1. d4 d6 2. Nf3 Nf6 3. g3 g6 4. Bg2 Bg7 5. O-O O-O 6. c4 Nbd7 7. Nc3 e5 8. Re1
c6 9. d5 c5 10. a4 a5 11. Nd2 Ne8 12. Nde4 h6 13. f3 f5 14. Nf2 Kh7 15. e4 f4
16. Qd3 Kh8 17. Nb5 g5 18. Bh3 fxg3 19. hxg3 Ndf6 20. Bf5 Nh5 21. Kg2 Bxf5 22.
exf5 Kg8 23. Rh1 Nhf6 24. Bd2 Kf7 25. Rae1 Nc7 26. Nc3 Qd7 27. b3 Nce8 28. g4
b6 29. Nh3 Nh7 30. Nf2 Nef6 31. Rh2 Rh8 32. Reh1 Rag8 33. Nce4 Nxe4 34. Nxe4
Nf6 1/2-1/2

[Event "Cto de Aragon por Equipos Preferente"]
[Site "?"]
[Date "2020.02.08"]
[Round "3.38"]
[White "Carrasquer Alonso, Fernando"]
[Black "Aribau Rivas, Miguel Angel"]
[Result "1-0"]
[WhiteElo "1833"]
[BlackElo "2026"]
[PlyCount "127"]
[EventDate "2020.??.??"]
[WhiteTeam "Jaque B"]
[BlackTeam "Fraga"]

1. e4 c5 2. Nf3 e6 3. g3 Nc6 4. d3 Nge7 5. Bg2 d5 6. Qe2 g6 7. e5 Bg7 8. O-O
O-O 9. Re1 Rb8 10. Bg5 h6 11. Bd2 b5 12. h4 b4 13. Bf4 Nf5 14. Nbd2 a5 15. Nf1
Re8 16. N1h2 Ba6 17. Qd2 Kh7 18. Ng4 Rc8 19. Ne3 Nxe3 20. Qxe3 Qe7 21. Nh2 Nd4
22. Rac1 Nf5 23. Qe2 c4 24. Nf3 Qa7 25. Be3 Nxe3 26. fxe3 Rc7 27. Bf1 Rec8 28.
d4 Rc6 29. Qf2 a4 30. Rb1 Bf8 31. Nh2 Bg7 32. Ng4 Qe7 33. Bg2 h5 34. Nh2 R6c7
35. Rbd1 Bb7 36. Rf1 Kg8 37. Nf3 c3 38. b3 axb3 39. axb3 Bc6 40. Ra1 Ra7 41.
Rxa7 Qxa7 42. Ng5 Rc7 43. e4 dxe4 44. Bxe4 Bb5 45. Rd1 Bh6 46. Nf3 Rd7 47. Kg2
Kg7 48. Ng5 Bxg5 49. hxg5 Kg8 50. Qe3 Qc7 51. Ra1 Bc6 52. Kf3 Qb7 53. Bxc6
Qxc6+ 54. Qe4 Qb7 55. Ra8+ Kg7 56. Ke3 Rd5 57. Rd8 Qb5 58. Ra8 Qf1 59. Qf4 Qe1+
60. Kd3 Qd2+ 61. Kc4 Qe2+ 62. Kxb4 Qb5+ 63. Ka3 Kh7 64. Qxf7# 1-0